Statistics for English Lyrics in Ddu-Du-Ddu-Du by Blackpink

Click here to take the quiz!

General Stats

  • This quiz has been taken 1,371 times
  • The average score is 104 of 144

Answer Stats

Answer% Correct
Ah
100%
ah
100%
huh
100%
uh
100%
You
90%
you
90%
Hit
86%
I
86%
with
86%
Black
84%
that
84%
pink
79%
yeah!
75%
yeah
75%
do
68%
Blackpink
62%
Blackpink!
62%
what
62%
What
62%
When
61%
when
61%
foxy
59%
me
59%
Oh
59%
come
58%
Come
58%
fire
57%
banger
56%
gonna
55%
savage
55%
it
54%
test
54%
'til
54%
wait
54%
check
53%
'til
53%
bad
52%
girl
52%
I'm
52%
the
52%
toxic
52%
like
51%
through
50%
fat
48%
another
47%
four
47%
way
47%
fact
45%
drop
44%
bass
42%
it's
42%
bought
38%
run
34%
Hey!
33%
volume
31%

Score Distribution

Percentile by Number Answered

Percent of People with Each Score

Your Score History

You have not taken this quiz